Aprender investigando : (Record no. 3951)
[ view plain ]
| 000 -CABECERA | |
|---|---|
| campo de control de longitud fija | 00697nam a2200217 a 4500 |
| 005 - FECHA Y HORA DE LA ÚLTIMA TRANSACCIÓN | |
| campo de control | 20231109063608.0 |
| 008 - ELEMENTOS DE LONGITUD FIJA--INFORMACIÓN GENERAL | |
| campo de control de longitud fija | 991125s1995 es 000 0 spa u |
| 020 ## - NÚMERO INTERNACIONAL NORMALIZADO PARA LIBROS | |
| Número Internacional Estándar del Libro | 8487118038 |
| 035 ## - NÚMERO DE CONTROL DEL SISTEMA | |
| Número de control de sistema | UPN01000003951 |
| 049 ## - COLECCIÓN | |
| Colección | CG |
| 050 #4 - SIGNATURA TOPOGRÁFICA DE LA BIBLIOTECA DEL CONGRESO | |
| Número de clasificación | LB1028 |
| Número de documento/Ítem | G3.26 1995 |
| 100 1# - ASIENTO PRINCIPAL--NOMBRE PERSONAL | |
| Nombre de persona | García, J. Eduardo |
| 245 10 - MENCIÓN DE TÍTULO | |
| Título | Aprender investigando : |
| Resto del título | una propuesta metodológica basada en la investigación / |
| Mención de responsabilidad, etc. | J. Eduardo García, Francisco F. García. |
| 250 ## - MENCIÓN DE EDICIÓN | |
| Mención de edición | 3a ed. |
| 260 ## - PUBLICACIÓN, DISTRIBUCIÓN, ETC. | |
| Lugar de publicación, distribución, etc. | Sevilla, Esp. : |
| Nombre del editor, distribuidor, etc. | Díada, |
| Fecha de publicación, distribución, etc. | 1995. |
| 300 ## - DESCRIPCIÓN FÍSICA | |
| Extensión | 93 p. |
| 440 #0 - MENCIÓN DE SERIE/ASIENTO SECUNDARIO--TÍTULO | |
| Título | Investigación y enseñanza. |
| Nombre de parte o sección de la obra | Práctica ; |
| Designación de volumen o secuencia | 2 |
| 650 #2 - ASIENTO SECUNDARIO DE MATERIA - TERMINO TEMATICO | |
| Término de materia o nombre geográfico como elemento de entrada | Investigación en el aula |
| 9 (RLIN) | 19111 |
| 700 1# - ASIENTO SECUNDARIO--NOMBRE DE PERSONAL | |
| Nombre de persona | García, Francisco F., |
| Término indicativo de función/relación | coaut. |
| 905 ## - TIPO DE MATERIAL | |
| Tipo de material | Libro |
| Estado de retiro | Estado de pérdida | Fuente del sistema de clasificación o colocación | Estado dañado | No para préstamo | Código de colección | Localización permanente | Ubicación/localización actual | Ubicación en estantería | Total de préstamos | Clasificación | Código de barras | Fecha visto por última vez | Fecha del último préstamo | Número de copia | Tipo de ítem Koha |
|---|---|---|---|---|---|---|---|---|---|---|---|---|---|---|---|
| Library of Congress Classification | Colección General | Bib. Gregorio Torres Quintero | Bib. Gregorio Torres Quintero | Planta baja | 9 | LB1028 G3.26 1995 | 160222 | 28/10/2024 | 23/10/2024 | 1 | Libro | ||||
| Library of Congress Classification | Colección General | Bib. Gregorio Torres Quintero | Bib. Gregorio Torres Quintero | Planta baja | 2 | LB1028 G3.26 1995 | 266037 | 31/12/2020 | 1 | Libro | |||||
| Library of Congress Classification | Colección General | Bib. Gregorio Torres Quintero | Bib. Gregorio Torres Quintero | Planta baja | 7 | LB1028 G3.26 1995 | 153037 | 31/12/2020 | 1 | Libro | |||||
| Library of Congress Classification | Colección General | Bib. Gregorio Torres Quintero | Bib. Gregorio Torres Quintero | Planta baja | 10 | LB1028 G3.26 1995 | 153038 | 31/12/2020 | 1 | Libro | |||||
| Library of Congress Classification | Colección General | Bib. Gregorio Torres Quintero | Bib. Gregorio Torres Quintero | Planta baja | 2 | LB1028 G3.26 1995 | 160221 | 31/12/2020 | 1 | Libro |
